000 00550nam a22002057a 4500
999 _c1600
_d1600
003 OSt
005 20230206165236.0
008 150427b xxu||||| |||| 00| 0 eng d
020 _a9780808924326
040 _cDDC
082 _222nd ed.
_aQZ4 K96r 2013
100 _aKumar, Vinay; Abbas, Abul K.
_9677
245 _aRobins Basic Pathology
250 _a9th ed.
260 _aPhiladelphia;
_bElsevier,
_c2013
300 _axii,910p
_bcol.ill:
_c28.5cm
504 _aBibliography, & index included
650 _aPathology
_937
942 _2ddc
_cO_SHELF